000 01378nam a22002297a 4500
008 240912e20240912xxk|||||ol|||o00| 0 eng d
041 _aeng
245 _aRenters' Rights Bill 2024-25 (HC Bill 8)
_h[Online publication]
260 _bMinistry of Housing, Communities and Local Government
_c11 September 2024
520 _aA Bill to make provision changing the law about rented homes, including provision abolishing fixed term assured tenancies and assured shorthold tenancies; imposing obligations on landlords and others in relation to rented homes and temporary and supported accommodation; and for connected purposes.
520 _aThe Renters (Reform) Bill from the previous Government did not progress due to the July 2024 election, this Renters' Rights Bill is seen as its successor.
520 _aNote added 11 September 2024: See the Renters' Rights Bill presented 11 September 2024 by the new Government.
650 _aASSURED SHORTHOLD TENANCIES
650 _aHOUSING ACT 1988
650 _aLANDLORD AND TENANT
651 _aUnited Kingdom
690 _96252
_aLandlord and tenant
690 _96266
_aResidential property
856 _uhttps://bills.parliament.uk/bills/3764
_zAvailable on Parliament Bills site
856 _uhttps://publications.parliament.uk/pa/bills/cbill/59-01/0008/en/240008en.pdf
_zSee explanatory notes to the Bill
942 _n0
999 _c121996
_d121996